| 000 | 00359nam a22001457a 4500 | ||
|---|---|---|---|
| 003 | ASAB | ||
| 005 | 20180827062605.0 | ||
| 008 | 151231t xxu||||| |||| 00| 0 eng d | ||
| 020 | _a978-963-8893-07-1 | ||
| 040 | _cASAB | ||
| 100 |
_aS. khalid mahmood _91421 |
||
| 245 |
_areflections _ba collection of articles on sports |
||
| 300 | _a142 | ||
| 942 |
_2ddc _cBK |
||
| 999 |
_c479928 _d479928 |
||